[Event "Titled Tue 1st Jul Early"]
[Site "chess.com INT"]
[Date "2025.07.01"]
[Round "4"]
[White "Caprio, Guido"]
[Black "Gabrielian, Artur"]
[Result "0-1"]
[WhiteTitle "IM"]
[BlackTitle "GM"]
[WhiteElo "2435"]
[BlackElo "2407"]
[WhiteFideId "834580"]
[BlackFideId "4131002"]
[EventDate "2025.07.01"]

1. d4 Nf6 2. c4 c5 3. d5 e6 4. Nc3 exd5 5. cxd5 d6 6. e4 g6 7. f4 Bg7 8. Bb5+
Nfd7 9. Nf3 O-O 10. O-O a6 11. Bd3 b5 12. a3 Nf6 13. f5 Nbd7 14. Bf4 Qe7 15. Qe1
Re8 16. Qh4 Qf8 17. Rae1 b4 18. axb4 cxb4 19. Na4 Nh5 20. Bg5 h6 21. Bd2 Qe7 22.
Qxe7 Rxe7 23. Bxb4 Ne5 24. Bxd6 Nxd3 25. Bxe7 Nxe1 26. Rxe1 Rb8 27. Bd6 Rb5 28.
Rc1 Bb7 29. fxg6 fxg6 30. Rc7 Nf6 31. Be5 Bh8 32. Nd4 Rb4 33. Nc5 Nxd5 34. Rxb7
Bxe5 35. Nc6 Bd6 36. Nxb4 Bxc5+ 37. Kf1 Nxb4 38. Rc7 Bf8 39. Ke2 a5 40. Ra7 Nc6
41. Ra6 Nd4+ 42. Kd3 Nb3 43. Rxg6+ Kf7 44. Rc6 Be7 45. Kc4 Nd2+ 46. Kd5 Nf1 47.
h3 Ne3+ 48. Ke5 Nxg2 49. Ra6 Ne3 50. Kf4 Nc4 51. e5 Nxb2 52. Rxa5 Nd3+ 53. Kf5
Nf2 54. e6+ Kg7 55. Ra7 Kf8 56. h4 Nd3 57. Kg6 Nf4+ 58. Kf5 Nd3 59. h5 Nc5 60.
Rc7 Nd3 61. Kg6 Nf4+ 62. Kf5 Nxh5 63. Rc8+ Kg7 64. Rc7 Kf8 65. Rc8+ Kg7 66. Re8
Bg5 0-1

[Event "Titled Tue 1st Jul Early"]
[Site "chess.com INT"]
[Date "2025.07.01"]
[Round "4"]
[White "Saydaliev, Saidakbar"]
[Black "Bouska, Jiri"]
[Result "1-0"]
[WhiteTitle "IM"]
[BlackTitle "FM"]
[WhiteElo "2457"]
[BlackElo "2296"]
[WhiteFideId "14203693"]
[BlackFideId "23722223"]
[EventDate "2025.07.01"]

1. Nf3 d5 2. g3 Nf6 3. Bg2 e6 4. c4 Be7 5. O-O O-O 6. d4 c6 7. Nfd2 Nbd7 8. Nc3
b5 9. cxb5 cxb5 10. Nxb5 Qb6 11. Nc3 Qxd4 12. Nb3 Qb6 13. e4 dxe4 14. Nxe4 Bb7
15. Be3 Qa6 16. Nxf6+ Nxf6 17. Nc5 Bxc5 18. Bxb7 Qxb7 19. Bxc5 Rfd8 20. Qe2 Rac8
21. b4 Ne4 22. Rac1 Nd2 23. Rfd1 Nf3+ 24. Kf1 Nxh2+ 25. Kg1 Nf3+ 26. Kf1 Ng5 27.
Kg1 Ne4 28. Rxd8+ Rxd8 29. Qe3 a6 30. Bd4 Qd5 31. Bb6 Rb8 32. Ba7 Re8 33. a3 Nd2
34. Rc3 Ne4 35. Rd3 Qf5 36. Bc5 h5 37. Rd4 Ng5 38. Rf4 Nh3+ 39. Kf1 Nxf4 40.
gxf4 h4 41. Bd4 Qb1+ 42. Kg2 Qg6+ 43. Kh3 f6 44. Bc5 Qf5+ 45. Kxh4 Kf7 46. Kg3
Rh8 47. Kg2 Qg4+ 48. Qg3 Qxg3+ 49. Kxg3 e5 50. fxe5 fxe5 51. a4 Ke6 52. b5 axb5
53. axb5 Rb8 54. b6 Kd5 55. Be3 Ke4 56. Kg4 Rb7 57. Kg5 Kd5 58. Kf5 Kd6 59. Kg6
Ke6 60. Bc5 Kd5 61. Be3 Ke4 62. Bc5 Kd5 63. Be3 Ke6 64. Bc5 e4 65. Bd4 Rf7 66.
Be3 Rd7 67. Bc5 Kd5 68. Be3 Ke6 69. Bc5 Rb7 70. Be3 Ke5 71. Bc5 Kf4 72. Be3+ Kf3
73. Kf5 g6+ 74. Kxg6 Rd7 75. Kf6 Rb7 76. Ke5 Rd7 77. Ke6 Rh7 78. Kd6 Rh1 79. b7
Rd1+ 80. Kc6 Rb1 81. Bb6 1-0

[Event "Titled Tue 1st Jul Early"]
[Site "chess.com INT"]
[Date "2025.07.01"]
[Round "4"]
[White "Kravtsiv, Martyn"]
[Black "Esipenko, Andrey"]
[Result "1/2-1/2"]
[WhiteTitle "GM"]
[BlackTitle "GM"]
[WhiteElo "2598"]
[BlackElo "2679"]
[WhiteFideId "14113147"]
[BlackFideId "24175439"]
[EventDate "2025.07.01"]

1. e4 e5 2. Nf3 Nc6 3. d4 exd4 4. Nxd4 Nf6 5. Nxc6 bxc6 6. e5 Qe7 7. Qe2 Nd5 8.
g3 g6 9. c4 Ba6 10. b3 Bg7 11. Bb2 O-O 12. Bg2 Rae8 13. O-O Bxe5 14. Qxe5 Qxe5
15. Bxe5 Rxe5 16. cxd5 Bxf1 17. Kxf1 cxd5 18. Nc3 c6 19. Rd1 a5 20. Bf3 Ra8 21.
Rd4 Kf8 22. Be2 Ree8 23. Ke1 Ke7 24. Kd2 Kd6 25. Rh4 h5 26. Rf4 f5 27. h4 Reb8
28. Bd1 Rb4 29. Ne2 Ke5 30. Rf3 Kf6 31. Bc2 Re8 32. Nf4 Rbb8 33. Rc3 Rg8 34. Rc5
Ra8 35. Rc3 Ke5 36. Re3+ Kd6 37. Kc3 Rab8 38. Bd3 Ra8 39. Bc2 Rab8 40. Bd1 Ra8
41. Kd2 Rab8 42. Bc2 Ra8 43. f3 Rab8 44. Re2 Ra8 45. g4 fxg4 46. fxg4 g5 47.
hxg5 hxg4 48. g6 Raf8 49. Nh5 Rf3 50. g7 Rf7 51. Rg2 Rfxg7 52. Nxg7 Rxg7 53. Bd1
g3 54. Ke3 Kc5 55. a3 Rg8 56. Kd3 Rg7 57. Be2 Rg8 58. Bf3 Rg7 59. Kc3 Re7 60.
Kd3 Rg7 61. Bd1 Rg8 62. Bc2 Rg7 63. Kc3 Rg8 64. Bf5 Rg7 65. Kd3 Rf7 66. Bg4 Rf1
67. Rxg3 Ra1 68. a4 Kb4 69. Bxd7 c5 70. Rg5 c4+ 71. bxc4 dxc4+ 72. Kc2 Ra2+ 73.
Kb1 Rh2 74. Rg3 c3 75. Rg8 Rh1+ 76. Kc2 Rh2+ 77. Kc1 Rh1+ 78. Kc2 Rh2+ 79. Kc1
Rh1+ 80. Kc2 1/2-1/2

[Event "Titled Tue 1st Jul Early"]
[Site "chess.com INT"]
[Date "2025.07.01"]
[Round "4"]
[White "Weerasekara, Dishal Nimsara"]
[Black "Fronda, Jan Jodilyn"]
[Result "0-1"]
[WhiteTitle "FM"]
[BlackTitle "WIM"]
[WhiteElo "2104"]
[BlackElo "2115"]
[WhiteFideId "9997431"]
[BlackFideId "5204585"]
[EventDate "2025.07.01"]

1. c4 Nf6 2. Nc3 g6 3. Nf3 Bg7 4. g3 O-O 5. Bg2 d6 6. O-O c5 7. d4 cxd4 8. Nxd4
a6 9. b3 e5 10. Nc2 Nc6 11. Ba3 Ne8 12. Qd2 Bf5 13. e4 Be6 14. Rad1 Qa5 15. Nd5
Qxd2 16. Rxd2 Rd8 17. Rfd1 b5 18. cxb5 axb5 19. Bf1 Na7 20. Nc3 Rc8 21. Nxb5
Nxb5 22. Bxb5 Bg4 23. Be2 Be6 24. Ne3 Bh6 25. Bxd6 Nxd6 26. Rxd6 Bxe3 27. fxe3
Ra8 28. Ba6 Rfb8 29. R1d2 Kg7 30. Bc4 Bxc4 31. bxc4 Ra3 32. R6d3 Rxd3 33. Rxd3
Rb1+ 34. Kg2 Rb2+ 35. Kf3 Rxa2 36. Rc3 Ra6 37. c5 Rc6 38. Ke2 Kf6 39. Kd3 Ke6
40. Kc4 Rc8 41. Ra3 Rd8 42. Ra6+ Ke7 43. Ra7+ Ke6 44. c6 Rd2 45. Kc5 Rxh2 46.
Rd7 Rc2+ 47. Kb6 h5 48. Kc7 g5 49. Rd6+ Ke7 50. Rd7+ Ke6 51. Rd6+ Ke7 52. Rh6
Rc3 53. Rxh5 f6 54. Rh7+ Ke6 55. Rh8 Rxe3 56. Rd8 Rxe4 57. Rd6+ Ke7 58. Rd7+ Ke6
59. Kd8 Re1 60. c7 Rc1 61. c8=Q Rxc8+ 62. Kxc8 f5 63. Kc7 f4 64. g4 e4 65. Kc6
e3 66. Rd8 Ke5 67. Re8+ Kd4 0-1

[Event "Titled Tue 1st Jul Early"]
[Site "chess.com INT"]
[Date "2025.07.01"]
[Round "4"]
[White "Yaksin, Oleg"]
[Black "Nugumanov, Bakhtiyar"]
[Result "1-0"]
[WhiteTitle "FM"]
[BlackTitle "IM"]
[WhiteElo "2393"]
[BlackElo "2305"]
[WhiteFideId "24105880"]
[BlackFideId "13701797"]
[EventDate "2025.07.01"]

1. Nf3 g6 2. g3 Bg7 3. d4 Nf6 4. Bg2 O-O 5. O-O d6 6. c4 Nc6 7. Nc3 e5 8. d5 Ne7
9. e4 a5 10. Ne1 Nd7 11. Nd3 b6 12. Be3 f5 13. Qd2 fxe4 14. Nxe4 Nf5 15. Rae1
Nc5 16. b3 Nxe4 17. Bxe4 Nxe3 18. fxe3 Rxf1+ 19. Rxf1 Qg5 20. a4 h5 21. Qf2 Bh3
22. Bg2 Bxg2 23. Kxg2 Rf8 24. Qe2 Rxf1 25. Kxf1 Qf5+ 26. Kg1 Qe4 27. Kf2 Qh1 28.
Qf3 Qxh2+ 29. Qg2 Qxg2+ 30. Kxg2 e4 31. Nf2 Bh6 32. Nxe4 Bxe3 33. Nf6+ Kf7 34.
Ne4 g5 35. Kf3 Bc1 36. g4 hxg4+ 37. Kxg4 Kg6 38. Ng3 Kf6 39. Ne2 Bd2 40. Nd4 Ke7
41. Ne6 Kd7 42. Nxg5 Bc3 43. Ne4 Bd4 44. Kf5 c6 45. Kg6 cxd5 46. cxd5 Ke7 47.
Nd2 Bc5 48. Nc4 Bg1 49. Kf5 Bc5 50. Nd2 Kf7 51. Ne4 Bb4 52. Ng5+ Ke7 53. Ne6 Kd7
54. Ke4 Ba3 55. Kd3 Bb2 56. Kc4 Ba3 57. Kb5 Bb4 58. Kxb6 Ke7 59. Kc6 Kf6 60. Nd4
Ke5 61. Nb5 Bc5 62. Nc7 Ba3 63. Ne6 Ke4 64. Nc7 Kd3 65. Nb5 Bb4 66. Nxd6 Kc3 67.
Nb7 Kxb3 68. Kb5 1-0

[Event "Titled Tue 1st Jul Early"]
[Site "chess.com INT"]
[Date "2025.07.01"]
[Round "4"]
[White "Levitan, Caleb Levi"]
[Black "Ochedzan, Filip"]
[Result "0-1"]
[WhiteTitle "FM"]
[BlackTitle "CM"]
[WhiteElo "2399"]
[BlackElo "2044"]
[WhiteFideId "14332620"]
[BlackFideId "21892610"]
[EventDate "2025.07.01"]

1. e4 g6 2. d4 Bg7 3. Nc3 d5 4. exd5 Nf6 5. Bb5+ Bd7 6. Bd3 O-O 7. Nf3 Bg4 8. h3
Bxf3 9. Qxf3 Nbd7 10. O-O Nb6 11. Re1 Nfxd5 12. Nxd5 Nxd5 13. c3 c6 14. Bg5 Re8
15. Re2 Qd7 16. Rae1 Rad8 17. Bc4 Nf6 18. g4 a5 19. a4 Qd6 20. Bf4 Qd7 21. Be5
Nd5 22. Bxg7 Kxg7 23. Qg3 e6 24. Qe5+ Kg8 25. h4 Qd6 26. Bxd5 Qxe5 27. Rxe5 cxd5
28. f4 Kf8 29. f5 exf5 30. gxf5 Rxe5 31. Rxe5 f6 32. Re6 Kf7 33. Rb6 Rd7 34.
fxg6+ hxg6 35. Kf2 Ke7 36. Rb5 Ke6 37. Rxa5 Kf5 38. c4 Ke4 39. Rxd5 Rh7 40. Rd6
Rxh4 41. Rxf6 Kxd4 42. Rxg6 Kxc4 43. Rb6 Kc5 44. Rb5+ Kc6 45. b3 Rh3 46. Ke2 b6
47. Kd2 Rg3 48. Kc2 Rh3 49. Kb2 Rg3 50. Ka3 Rg4 51. Rh5 Rg3 52. Rh6+ Kb7 53. Kb4
Rg4+ 54. Kc3 Rg3+ 55. Kc4 Rg4+ 56. Kd5 Rg5+ 57. Kd6 Rg3 58. b4 Rd3+ 59. Ke5 Re3+
60. Kd5 Rd3+ 61. Kc4 Rg3 62. Rh7+ Kc6 63. b5+ Kd6 64. Rb7 Rg4+ 65. Kb3 Rg3+ 66.
Kb4 Rg4+ 67. Kc3 Rg3+ 68. Kc2 Kc5 69. Rc7+ Kb4 70. Rc6 Ka5 71. Rc4 Ra3 0-1

[Event "Titled Tue 1st Jul Early"]
[Site "chess.com INT"]
[Date "2025.07.01"]
[Round "4"]
[White "Preobrazhenskaya, Diana"]
[Black "Newansa, M Esandi"]
[Result "0-1"]
[WhiteTitle "WFM"]
[BlackTitle "WFM"]
[WhiteElo "2029"]
[BlackElo "1905"]
[WhiteFideId "34270566"]
[BlackFideId "9999060"]
[EventDate "2025.07.01"]

1. e4 c6 2. d4 d5 3. e5 Bf5 4. h4 h5 5. Bd3 Bxd3 6. Qxd3 e6 7. Nf3 Ne7 8. Bg5
Qb6 9. Nc3 Nf5 10. O-O Nd7 11. Rad1 Rb8 12. b3 Be7 13. Bxe7 Nxe7 14. Ne2 Nf5 15.
c4 g6 16. Nf4 O-O 17. Rfe1 dxc4 18. bxc4 Rbd8 19. Qe4 Kg7 20. Ng5 Rde8 21. Rd3
Qa5 22. Re2 Rh8 23. g3 Nb6 24. Rc2 Qa4 25. Rb3 Re7 26. Nd3 Rd8 27. Nc5 Qa5 28.
Rd3 Qb4 29. Rb3 Qa5 30. Rd3 Na4 31. Nxa4 Qxa4 32. Rc1 Qxa2 33. Kg2 Red7 34. Nf3
Qb2 35. Rcd1 Qb4 36. Rc1 c5 37. Rcd1 Qxc4 38. Qf4 cxd4 39. Qg5 Qd5 40. Qf6+ Kg8
41. Kg1 Qc5 42. Qg5 Qe7 43. Qf4 Rd5 44. g4 Nxh4 45. Ng5 hxg4 46. Qxg4 Nf5 47.
Rh3 Rxe5 48. Nf3 Rc5 49. Kg2 Qf6 50. Rdh1 Kf8 51. Rh8+ Ke7 52. Rxd8 Kxd8 53. Rd1
Ke7 54. Nxd4 Nxd4 55. Rxd4 Rd5 56. Rxd5 exd5 57. Qc8 Qc6 58. Qb8 Kf6 59. Qf4+
Kg7 60. Qd4+ f6 61. Qd1 d4+ 62. Kg1 Qc4 63. Qe1 Qc5 64. Qd1 b5 65. Qb3 a5 66.
Qf3 Qd6 67. Qb7+ Kh6 68. Qxb5 d3 69. Qe8 d2 70. Qe3+ Kg7 71. Qa7+ Kh6 72. Qe3+
g5 73. Qh3+ Kg6 74. Kg2 d1=Q 75. Qh8 Q1d5+ 76. Kg1 Qd1+ 77. Kg2 Q6d5+ 78. Kg3
Qg1+ 79. Kh3 Qdh1# 0-1

[Event "Titled Tue 1st Jul Early"]
[Site "chess.com INT"]
[Date "2025.07.01"]
[Round "4"]
[White "Chylewski, Patryk"]
[Black "Andriienko, Artom"]
[Result "1-0"]
[WhiteTitle "IM"]
[WhiteElo "2319"]
[BlackElo "2151"]
[WhiteFideId "1186191"]
[BlackFideId "34129510"]
[EventDate "2025.07.01"]

1. e4 c5 2. Nc3 g6 3. Nge2 Bg7 4. d4 cxd4 5. Nxd4 Nc6 6. Be3 d6 7. f3 Nf6 8. Qd2
Be6 9. Nxe6 fxe6 10. Bc4 Qd7 11. O-O-O O-O-O 12. Qf2 Kb8 13. Bb5 Rc8 14. Bxa7+
Ka8 15. Bb6 Ne8 16. e5 Bxe5 17. Qh4 Nc7 18. Qa4+ Na6 19. Bxa6 bxa6 20. Qxa6+ Kb8
21. Ne4 Qb7 22. Qxb7+ Kxb7 23. Be3 Rhf8 24. c3 Nb4 25. Kb1 Nd5 26. Bc1 Bf4 27.
Bxf4 Nxf4 28. g3 Nd5 29. f4 h6 30. Rhe1 Kc6 31. Nd2 Nc7 32. Nf3 Rb8 33. Nd4+ Kd7
34. Kc2 Rb7 35. Re2 Ra8 36. a3 Rab8 37. b4 Ra8 38. Kb3 Rba7 39. Ra1 g5 40. fxg5
hxg5 41. a4 e5 42. Nf3 Nd5 43. a5 Rc8 44. Rc2 Ne3 45. Rcc1 Nc4 46. Ra2 d5 47.
Nd2 Nd6 48. Ra3 e4 49. Ra2 g4 50. Nf1 Nb5 51. Ne3 e6 52. Rac2 Kd6 53. Kb2 Nc7
54. Nxg4 Rb8 55. Ne3 Rxa5 56. Ra1 Rxa1 57. Kxa1 Nb5 58. Kb2 Rc8 59. Nd1 Ke5 60.
Rf2 Nd6 61. h4 Nc4+ 62. Kb3 Ra8 63. h5 Ra3+ 64. Kc2 Ra2+ 65. Kb1 Rxf2 66. Nxf2
e3 67. Nd3+ Ke4 68. Ne1 Ne5 69. h6 Nf3 70. h7 Nxe1 71. h8=Q Kf3 72. Kc1 Nd3+ 73.
Kc2 e2 74. Qh5+ Ke3 75. Qg5+ Kf2 76. Qf6+ Kg2 77. Kxd3 e1=Q 78. Qf4 Qxg3+ 79.
Qxg3+ Kxg3 80. b5 e5 81. b6 Kf3 82. b7 e4+ 83. Kd4 e3 84. b8=Q e2 85. Qf8+ Kg2
86. Qe7 Kf1 87. Qf6+ Kg2 88. Qe5 Kf1 89. Qf4+ Kg2 90. Qe3 Kf1 91. Qf3+ Ke1 92.
Kd3 1-0

[Event "Titled Tue 1st Jul Early"]
[Site "chess.com INT"]
[Date "2025.07.01"]
[Round "4"]
[White "Aarit Kapil"]
[Black "Bashirli, Saadat"]
[Result "1/2-1/2"]
[WhiteTitle "CM"]
[BlackTitle "WCM"]
[WhiteElo "2020"]
[BlackElo "2005"]
[WhiteFideId "33408947"]
[BlackFideId "13429990"]
[EventDate "2025.07.01"]

1. Nf3 d5 2. e3 Nf6 3. d4 Bf5 4. c4 c6 5. Nc3 e6 6. Qb3 Qc7 7. Bd2 Nbd7 8. Rc1
Qb6 9. Be2 Be7 10. h3 h6 11. O-O O-O 12. Rfe1 Ne4 13. Nxe4 Bxe4 14. c5 Qc7 15.
Bc3 f6 16. Nd2 Bh7 17. e4 b6 18. Bg4 f5 19. exd5 exd5 20. Rxe7 fxg4 21. hxg4
bxc5 22. dxc5 Rf7 23. Rxf7 Kxf7 24. Nf3 Nxc5 25. Qa3 Ne4 26. Bd4 Kg8 27. Qa6 c5
28. Qe6+ Qf7 29. Qxf7+ Kxf7 30. Bxc5 Rc8 31. Be3 Rxc1+ 32. Bxc1 Nc5 33. Be3 Nd3
34. Bxa7 Nxb2 35. Bd4 Nc4 36. a4 Bc2 37. g5 Bxa4 38. gxh6 gxh6 39. Nh4 Ke6 40.
g4 Bd1 41. f3 Nd6 42. Kf2 Nb5 43. Bb2 d4 44. Bc1 Nd6 45. Bxh6 Nf7 46. Bd2 Ke5
47. Ng6+ Kf6 48. Nh4 Ne5 49. g5+ Ke6 50. f4 Nc4 51. f5+ Ke5 52. Bb4 Bh5 53. f6
Ke6 54. Ke1 Ne3 55. Kd2 Nd5 56. Bc5 Nxf6 57. gxf6 Kxf6 58. Bxd4+ Kg5 59. Ng2 Bf3
60. Ne3 Be4 61. Kc3 Kf4 62. Kb4 Kf3 63. Kc5 Kf4 64. Nc4 Kf5 65. Be3 Bf3 66. Kd4
Kf6 67. Nd6 Bg4 68. Bf4 Ke6 69. Be5 Bf5 70. Nb5 Bg4 71. Ke4 Ke7 72. Kf4 Be6 73.
Bd6+ Kd7 74. Ke5 Bc4 75. Nc3 Bd3 76. Ba3 Kc6 77. Kd4 Bf1 78. Nd5 Bg2 79. Nb4+
Kb5 80. Nd3 Ka4 81. Bd6 Kb5 82. Nb2 Kc6 83. Ba3 Bf1 84. Nd1 Be2 85. Nc3 Bf3 86.
Ke3 Bg2 87. Ne2 Bd5 88. Nd4+ Kb6 89. Kf4 Bc4 90. Ke5 Bf1 91. Kd6 Bg2 92. Bb4 Bf1
93. Bc5+ Ka5 94. Kd5 Ka6 95. Kc6 Bg2+ 96. Kc7 Ka5 97. Kd6 Ka4 98. Ke5 Ka5 99.
Kf4 Ka6 100. Nb3 Bd5 101. Nd4 Kb7 102. Ke3 Bc6 103. Nb3 Bd5 104. Nd2 Kc6 105.
Kd4 Be6 106. Nf3 Bf5 107. Kc4 Kc7 108. Nd4 1/2-1/2

[Event "Titled Tue 1st Jul Early"]
[Site "chess.com INT"]
[Date "2025.07.01"]
[Round "5"]
[White "Kocharin, Timur"]
[Black "Buraczewski, Rafal"]
[Result "1-0"]
[WhiteTitle "FM"]
[BlackTitle "CM"]
[WhiteElo "2302"]
[BlackElo "2135"]
[WhiteFideId "16240936"]
[BlackFideId "1155245"]
[EventDate "2025.07.01"]

1. e4 e6 2. d4 d5 3. e5 c5 4. c3 Nc6 5. g3 Nge7 6. Bh3 b5 7. Nf3 b4 8. O-O bxc3
9. bxc3 cxd4 10. cxd4 Ba6 11. Re1 Qd7 12. Ba3 Nc8 13. Bxf8 Kxf8 14. Nbd2 Nb6 15.
Nb3 Na4 16. Re3 Qe7 17. Rc1 Na5 18. Nxa5 1-0

[Event "Titled Tue 1st Jul Early"]
[Site "chess.com INT"]
[Date "2025.07.01"]
[Round "5"]
[White "Fernandez, Maria Florencia"]
[Black "Park, Sunwoo"]
[Result "1-0"]
[WhiteTitle "WIM"]
[BlackTitle "WFM"]
[WhiteElo "2163"]
[BlackElo "1858"]
[WhiteFideId "116459"]
[BlackFideId "13203320"]
[EventDate "2025.07.01"]

1. d4 Nf6 2. c4 g6 3. Nc3 d5 4. cxd5 Nxd5 5. e4 Nxc3 6. bxc3 Bg7 7. Bc4 O-O 8.
Be3 c5 9. Ne2 Qa5 10. O-O Nc6 11. f4 Bg4 12. d5 Bxc3 13. dxc6 Bxa1 14. Qxa1 bxc6
15. f5 Rfd8 16. Bh6 e5 17. Qxe5 1-0

[Event "Titled Tue 1st Jul Early"]
[Site "chess.com INT"]
[Date "2025.07.01"]
[Round "5"]
[White "Politov, Pavel Y."]
[Black "Starozhilov, Leonid"]
[Result "0-1"]
[WhiteTitle "FM"]
[BlackTitle "FM"]
[WhiteElo "2190"]
[BlackElo "2240"]
[WhiteFideId "24110515"]
[BlackFideId "14106752"]
[EventDate "2025.07.01"]

1. d4 Nf6 2. c4 g6 3. Nc3 Bg7 4. e4 d6 5. Be2 O-O 6. h4 h5 7. Bg5 Nc6 8. Nf3 Bg4
9. d5 Bxf3 10. Bxf3 Ne5 11. Be2 c6 12. f4 Neg4 13. Bxf6 Nxf6 14. g4 hxg4 15.
Bxg4 cxd5 16. cxd5 Qb6 17. Qe2 Nxg4 18. Qxg4 Qxb2 19. O-O Qxc3 20. h5 Qd4+ 21.
Kh1 Qxe4+ 22. Kh2 Qf5 0-1

[Event "Titled Tue 1st Jul Early"]
[Site "chess.com INT"]
[Date "2025.07.01"]
[Round "5"]
[White "Gogolev, Artem"]
[Black "Shakirov, Marat"]
[Result "1-0"]
[WhiteTitle "IM"]
[BlackTitle "FM"]
[WhiteElo "2240"]
[BlackElo "2167"]
[WhiteFideId "4116615"]
[BlackFideId "44118171"]
[EventDate "2025.07.01"]

1. d4 Nf6 2. c4 g6 3. Nf3 Bg7 4. Nc3 O-O 5. Bg5 h6 6. Bh4 c5 7. e3 cxd4 8. exd4
d5 9. Bxf6 Bxf6 10. Nxd5 Bg7 11. Be2 Nc6 12. O-O e6 13. Nc3 Nxd4 14. Nxd4 Bxd4
15. Qc2 Qf6 16. Ne4 Qe5 17. Rad1 Bd7 18. Rxd4 Qxd4 19. Rd1 Qb6 20. Nf6+ Kg7 21.
Nxd7 1-0

[Event "Titled Tue 1st Jul Early"]
[Site "chess.com INT"]
[Date "2025.07.01"]
[Round "5"]
[White "Guo, Felix"]
[Black "Dighton, Simon"]
[Result "1-0"]
[BlackTitle "CM"]
[WhiteElo "2091"]
[BlackElo "2237"]
[WhiteFideId "30997550"]
[BlackFideId "408603"]
[EventDate "2025.07.01"]

1. e4 c5 2. Nf3 d6 3. c3 Nf6 4. h3 Nc6 5. d4 cxd4 6. cxd4 Nxe4 7. d5 Qa5+ 8. Nc3
Nxc3 9. bxc3 Ne5 10. Nxe5 Qxc3+ 11. Bd2 Qxe5+ 12. Be2 Qxd5 13. O-O Bd7 14. Bf3
Qf5 15. Bxb7 Rb8 16. Bf3 h5 17. Rb1 Rxb1 18. Qxb1 Qxb1 19. Rxb1 Bf5 20. Bc6+ Kd8
21. Rb7 e6 22. Rxa7 d5 23. Ba5+ Kc8 24. Ra8# 1-0

[Event "Titled Tue 1st Jul Early"]
[Site "chess.com INT"]
[Date "2025.07.01"]
[Round "5"]
[White "Liashkevich, Lizaveta"]
[Black "Dubnevych, Maksym"]
[Result "0-1"]
[WhiteTitle "WFM"]
[BlackTitle "FM"]
[WhiteElo "2204"]
[BlackElo "2296"]
[WhiteFideId "13518658"]
[BlackFideId "14184001"]
[EventDate "2025.07.01"]

1. d4 d5 2. c4 e6 3. Nc3 Nf6 4. Nf3 c5 5. cxd5 cxd4 6. Qxd4 exd5 7. Bg5 Be7 8.
e3 O-O 9. Be2 h6 10. Bh4 Nc6 11. Qd1 Be6 12. O-O Qb6 13. Bxf6 Bxf6 14. Nxd5 Bxd5
15. Qxd5 Qxb2 16. Qb5 Qxb5 17. Bxb5 Bxa1 18. Rxa1 Rfd8 19. Rc1 Rac8 20. h3 Nb4
21. Ra1 a6 22. Ba4 b5 23. Bb3 Nc6 24. Kf1 Na5 25. Bd1 Rc3 26. Nd4 Ra3 27. Nc2
Rad3 28. Nd4 Ra3 29. Nc2 Rc3 30. Nd4 Nc6 31. Ne2 Ra3 32. Ke1 Nb4 33. Nd4 Rxa2
34. Rxa2 Nxa2 35. Bb3 Nb4 36. Ke2 Rc8 0-1

[Event "Titled Tue 1st Jul Early"]
[Site "chess.com INT"]
[Date "2025.07.01"]
[Round "5"]
[White "Buscar, Michael"]
[Black "Chiu, Isaac"]
[Result "0-1"]
[WhiteElo "2016"]
[BlackElo "2226"]
[WhiteFideId "2603616"]
[BlackFideId "30900654"]
[EventDate "2025.07.01"]

1. d4 g6 2. c4 Bg7 3. Nc3 d6 4. e4 e5 5. Nf3 Nc6 6. d5 Nd4 7. Be3 Bg4 8. h3 Bxf3
9. gxf3 c5 10. Bxd4 exd4 11. Ne2 Nf6 12. Nc1 O-O 13. Nd3 b5 14. b3 bxc4 15. bxc4
Bh6 16. Be2 Nh5 17. Qa4 Rb8 18. Qxa7 Nf4 19. Nxf4 Bxf4 20. Bd3 Qh4 21. a4 Rb2
22. Rf1 Bd2+ 23. Kd1 Bh6 24. Bc2 d3 25. Bb1 Qf4 0-1

[Event "Titled Tue 1st Jul Early"]
[Site "chess.com INT"]
[Date "2025.07.01"]
[Round "5"]
[White "Andriienko, Artom"]
[Black "Sailer, Mike"]
[Result "1-0"]
[WhiteElo "2151"]
[BlackElo "2108"]
[WhiteFideId "34129510"]
[BlackFideId "2012901"]
[EventDate "2025.07.01"]

1. e4 d5 2. exd5 Qxd5 3. Nf3 Bg4 4. Be2 Nc6 5. h3 Bh5 6. O-O Nf6 7. d3 O-O-O 8.
Nc3 Qd7 9. Be3 e5 10. a4 Kb8 11. Nb5 Nd5 12. Nxe5 Bxe2 13. Nxd7+ Rxd7 14. Qxe2
a6 15. Nc3 Nf6 16. Ne4 Nd5 17. c3 f5 18. Nc5 Rd8 19. d4 f4 20. Bd2 Bd6 21. Rfe1
g5 22. Ra3 Ka7 23. Rb3 b6 24. Qxa6+ 1-0

[Event "Titled Tue 1st Jul Early"]
[Site "chess.com INT"]
[Date "2025.07.01"]
[Round "5"]
[White "Antoniou, Rafail"]
[Black "Galaktionov, Artem"]
[Result "0-1"]
[WhiteTitle "CM"]
[BlackTitle "FM"]
[WhiteElo "2134"]
[BlackElo "2360"]
[WhiteFideId "5904390"]
[BlackFideId "24175471"]
[EventDate "2025.07.01"]

1. e4 c6 2. Nf3 g6 3. d4 Bg7 4. Nc3 d6 5. Be3 Nd7 6. Qd2 e5 7. O-O-O Qa5 8. Kb1
Ngf6 9. Bh6 O-O 10. h4 b5 11. Bd3 b4 12. Ne2 Bxh6 13. Qxh6 Ng4 14. Qg5 h5 15.
Rdf1 Qd8 16. Qd2 c5 17. dxe5 dxe5 18. Nh2 Nb6 19. Nxg4 Bxg4 20. f3 Be6 21. g4 c4
22. gxh5 cxd3 23. cxd3 Nc4 24. Qh6 Qxd3+ 25. Ka1 Qxe2 26. Rb1 Qe3 0-1

[Event "Titled Tue 1st Jul Early"]
[Site "chess.com INT"]
[Date "2025.07.01"]
[Round "5"]
[White "Mohan, Dave"]
[Black "Ilkhomi, Jaloliddin"]
[Result "0-1"]
[BlackTitle "FM"]
[WhiteElo "2018"]
[BlackElo "2315"]
[WhiteFideId "30909775"]
[BlackFideId "14700948"]
[EventDate "2025.07.01"]

1. d4 d5 2. Nf3 c6 3. e3 Nf6 4. c4 Bg4 5. Nc3 e6 6. Qb3 Qb6 7. Ne5 Bf5 8. c5 Qc7
9. Bd2 Nbd7 10. f4 Nxe5 11. fxe5 Ne4 12. Be2 Nxd2 13. Kxd2 Rb8 14. g4 Bg6 15. h4
b6 16. Qa4 bxc5 17. b3 cxd4 18. exd4 Rb4 19. Qa6 Rxd4+ 20. Ke3 Qxe5+ 21. Kf2
Rf4+ 22. Kg3 Qe3+ 23. Kg2 Rf2+ 24. Kg1 0-1

[Event "Titled Tue 1st Jul Early"]
[Site "chess.com INT"]
[Date "2025.07.01"]
[Round "5"]
[White "Bashirov, Kemal"]
[Black "Huseynova, Lala"]
[Result "0-1"]
[WhiteTitle "FM"]
[BlackTitle "WFM"]
[WhiteElo "2305"]
[BlackElo "2045"]
[WhiteFideId "14183650"]
[BlackFideId "13431781"]
[EventDate "2025.07.01"]

1. d4 d5 2. c4 e6 3. Nc3 Be7 4. Nf3 Nf6 5. Bg5 h6 6. Bf4 O-O 7. e3 b6 8. cxd5
Nxd5 9. Nxd5 Qxd5 10. Bd3 Bb4+ 11. Ke2 c5 12. dxc5 Bxc5 13. Qc2 Bb7 14. Rhd1 Qh5
15. Be4 Nc6 16. Kf1 Rac8 17. Kg1 f5 18. Bd3 Nb4 19. Qb3 Nxd3 20. Qxe6+ Kh8 21.
Rxd3 Bxf3 22. gxf3 Qxf3 23. Be5 Qg4+ 24. Bg3 h5 25. h4 f4 26. exf4 Qxe6 0-1

[Event "Titled Tue 1st Jul Early"]
[Site "chess.com INT"]
[Date "2025.07.01"]
[Round "5"]
[White "Newansa, M Esandi"]
[Black "Mujumdar, Sameer"]
[Result "0-1"]
[WhiteTitle "WFM"]
[WhiteElo "1905"]
[BlackElo "2054"]
[WhiteFideId "9999060"]
[BlackFideId "2029707"]
[EventDate "2025.07.01"]

1. d4 Nf6 2. Bf4 c5 3. d5 b5 4. e3 a6 5. d6 Nc6 6. dxe7 Bxe7 7. c3 d5 8. Nf3 O-O
9. Be2 h6 10. h3 Be6 11. O-O Qb6 12. Nbd2 Rad8 13. Qc2 Bd6 14. Bxd6 Rxd6 15. e4
dxe4 16. Nxe4 Bf5 17. Nxf6+ Rxf6 18. Bd3 Bxd3 19. Qxd3 c4 20. Qe4 Re6 21. Qf4
Rfe8 22. Rad1 Qa7 23. Rd2 Ne5 24. Rfd1 Nd3 25. Qg4 Rg6 26. Qd4 Qb7 27. Kh2 Re4
28. Qd8+ Kh7 29. b3 Nf4 30. Nh4 Ne6 31. Qe7 Qxe7 0-1